000 01083cam a2200313 a 4500
999 _c9652
_d9652
001 3011383
003 GBCCL
005 20241126110716.0
008 940128s1993 ii b 100 0 eng
010 _a 93908497
020 _a8172141424 :
_cRs30.00
025 _aI-E-72754
040 _aDLC
_cDLC
_dDLC
042 _alcode
050 0 0 _aBR118
_b.C64 1993
082 0 0 _a230.07
_220
_bCON
245 0 0 _aContextual theological education /
_cedited by James Massey.
260 _aDelhi :
_bIndian Society for Promoting Christian Knowledge,
_c2019, 1993.
300 _aviii, 99 p. ;
_c23 cm.
440 0 _aI.S.P.C.K. C.T.E. series ;
_v1
_916791
504 _aIncludes bibliographical references.
520 _aPapers presented at a conference held from 10-13th June 1992 at the Union Biblical Seminary, Pune, India.
650 0 _aTheology
_xCongresses.
_916792
700 1 _aMassey, James,
_d1943-
_94874
710 2 _aI.S.P.C.K. (Organization)
_9393
906 _a7
_bcbc
_corigode
_d2
_encip
_f19
_gy-gencatlg
942 _2ddc
_cBK